000 01569cam a2200361 i 4500
999 _c127872
_d127872
001 19584630
003 ARRUPE
005 20180406123720.0
008 170405s2017 nyu b 001 0 eng
010 _a 2017011128
020 _a9781786631329 (hardback : alk. paper)
020 _z9781786631312 (UK EBK)
020 _z9781786633136 (US EBK)
040 _aDLC
_beng
_cDLC
_erda
_dDLC
042 _apcc
050 0 0 _aBD450
_b.M645 2017
082 0 0 _a128
_223
100 1 _aMorton, Timothy,
_d1968-
_eauthor.
_941335
245 1 0 _aHumankind :
_bsolidarity with nonhuman people /
_cTimothy Morton.
260 _aLondon
_bVerso
_c2017
300 _ax, 205 p. ;
_c22 cm.
504 _aIncludes bibliographical references (pages 191-202) and index.
505 0 _aThings in common: an introduction -- Life -- Specters -- Subscendence -- Species -- Kindness.
650 0 _aPhilosophical anthropology.
_941336
650 0 _aHuman beings.
_941337
650 0 _aAnimals (Philosophy)
_922339
650 0 _aHuman-animal relationships.
_941338
776 0 8 _iOnline version:
_aMorton, Timothy, 1968- author.
_tHumankind
_dBrooklyn : Verso Books, 2017
_z9781786631336
_w(DLC) 2017024047
906 _a7
_bcbc
_corignew
_d1
_eecip
_f20
_gy-gencatlg
942 _2lcc
_cMONOGRAPH